Mujer, pobreza y el medio ambiente en América Latina /

Bewaard in:
Bibliografische gegevens
Coauteurs: International Center for Research on Woman, Fundación Arias para la paz y el progreso humano
Formaat: Texto
Gepubliceerd in: San José: FAPPH
Tags: Voeg label toe
Geen labels, Wees de eerste die dit record labelt!

MARC

LEADER 00000 a a2200000 04500
001 25743
003
040
020 |a 9977-17-002-9  
090 |a 173600  
110 |a International Center for Research on Woman  
245 |a Mujer, pobreza y el medio ambiente en América Latina /  |c International Center for Research on Woman  
260 |a San José:   |b FAPPH  
300 |a 80 p  
710 |a Fundación Arias para la paz y el progreso humano  
999 |c 6305  |d 6305